000 00471nam a2200169Ia 4500
999 _c29518
_d29518
003 OSt
005 20210107110601.0
008 190216s9999||||xx |||||||||||||| ||und||
040 _coclc
082 _a894.812301
_bKRI/S
100 _aKrishnaprasad
_98234
245 0 _aShamiyana /
_cKrishnaprasad
260 _bKairali Books,
_aKannur:
_c2005.
300 _a100p
650 _aKathakal
942 _cBK
_2ddc
_h894.812301
_iKRI/S
_k894.812301
_mKRI/S